5HLuxD.jpg

KING HENRY VIII SENIOR AND PRIMARY SCHOOL LIBRARY OPAC

The ladykillers / (Record no. 2979)

000 -LEADER
fixed length control field 00740pam a2200253 a 4500
001 - CONTROL NUMBER
control field 019360503
003 - CONTROL NUMBER IDENTIFIER
control field UkOxU
005 - DATE AND TIME OF LATEST TRANSACTION
control field 20230914093747.0
008 - FIXED-LENGTH DATA ELEMENTS--GENERAL INFORMATION
fixed length control field 120807s2012 enk 000 d eng d
015 ## - NATIONAL BIBLIOGRAPHY NUMBER
National bibliography number GBB280530
Source bnb
020 ## - INTERNATIONAL STANDARD BOOK NUMBER
International Standard Book Number 9780573112256 (pbk.)
020 ## - INTERNATIONAL STANDARD BOOK NUMBER
International Standard Book Number 0573112258 (pbk.)
035 ## - SYSTEM CONTROL NUMBER
System control number (UkCU)5396811
035 ## - SYSTEM CONTROL NUMBER
System control number (Uk)016148511
040 ## - CATALOGING SOURCE
Original cataloging agency StDuBDS
Language of cataloging eng
Transcribing agency StDuBDS
Modifying agency UkCU
-- Uk
-- KH8
042 ## - AUTHENTICATION CODE
Authentication code ukscp
082 04 - DEWEY DECIMAL CLASSIFICATION NUMBER
Classification number 822.92 LIN
Edition number 23
100 1# - MAIN ENTRY--PERSONAL NAME
Personal name Linehan, Graham,
Relator term author.
245 14 - TITLE STATEMENT
Title The ladykillers /
Statement of responsibility, etc. by Graham Linehan ; from the motion picture screenplay by William Rose.
260 ## - PUBLICATION, DISTRIBUTION, ETC.
Place of publication, distribution, etc. London :
Name of publisher, distributor, etc. Samuel French,
Date of publication, distribution, etc. c2012.
300 ## - PHYSICAL DESCRIPTION
Extent 80 p. ;
Dimensions 22 cm.
700 1# - ADDED ENTRY--PERSONAL NAME
Personal name Rose, William,
Dates associated with a name 1914-1987.
942 ## - ADDED ENTRY ELEMENTS (KOHA)
Source of classification or shelving scheme
Koha item type Teaching Resources
Holdings
Withdrawn status Lost status Source of classification or shelving scheme Damaged status Not for loan Collection code Permanent Location Current Location Shelving location Date acquired Full call number Barcode Date last seen Price effective from Koha item type
          Teaching Resources KH8 Senior School Library KH8 Senior School Library Staff Office 2023-09-14 822.92 LIN TRKHSL003143 2023-09-14 2023-09-14 Teaching Resources

Powered By KH8 IT Dept